Statistics for Pharmacy - Top 50 Most-filled Prescriptions

Click here to take the quiz!

General Stats

  • This quiz has been taken 168 times
  • The average score is 15 of 50

Answer Stats

IndicationMedication% Correct
InfectionAmoxicillin|Amoxil
80%
InfectionAmoxicillin/clavulanate|Augmentin
78%
ThyroidLevothyroxine|Synthroid
69%
ThyroidLevothyroxine|Synthroid
69%
PainIbuprofen|Motrin
68%
StatinAtorvastatin|Lipitor
61%
VitaminVitamin D|Drisdol
60%
AsthmaAlbuterol|Ventolin|Proair|Proventil
58%
DepressionSertraline|Zoloft
57%
DiabetesMetformin|Glucophage
55%
AnxietyAlprazolam|Xanax
48%
AnxietyDiazepam|Valium
43%
Blood PressureAmlodipine|Norvasc
40%
Blood PressureLisinopril/hydrochlorothiazide|Lisinopril/HCTZ|Zestoretic
40%
DepressionEscitalopram|Lexapro
37%
StimulantAmphetamine/dextroamphetamine|Adderall
36%
Blood PressureLisinopril|Prinvil|Zestril
36%
SleepZolpidem|Ambien
36%
SteroidPrednisone|Deltasone
35%
InfectionCephalexin|Keflex
30%
AllergyCetirizine|Zyrtec
30%
AnxietyLorazepam|Ativan
29%
InfectionAzithromycin|Zpak|Zithromax
28%
PainGabapentin|Neurontin
27%
AnxietyClonazepam|Klonopin
26%
InfectionDoxycycline hyclate|Doxycycline|Vibramycin
26%
PainNaproxen|Naprosyn
23%
Blood PressureLosartan|Cozaar
21%
Blood PressureFurosemide|Lasix
19%
AllergiesLoratadine|Claritin
19%
VitaminFolic acid
18%
Muscle spasmsCyclobenzaprine|Flexeril
17%
GERDFamotidine|Pepcid
16%
Blood PressureHydrochlorothiazide|HCTZ|Microzide
16%
SleepTrazodone|Desyrel
16%
CoughBenzonatate|Tessalon Perles
14%
InfectionMetronidazole|Flagyl
13%
Muscle spasmsMethocarbamol|Robaxin
11%
InfectionFluconazole|Diflucan
10%
PainMeloxicam|Mobic
10%
SteroidMethylprednisolone|Medrol
10%
InfectionSulfamethoxazole/trimethoprim ds|SMZ/TMP ds|Bactrim DS|Bactrim
7%
VitaminFerrous sulfate|Ferosul
6%
VitaminVitamin D3|D3-50
6%
Blood PressureMetoprolol succinate|Toprol
5%
Blood PressureMetoprolol tartate|Lopressor
4%
ThyroidArmour thyroid
3%
InfectionChlorhexidine|Peridex|Hibiclens
0%
DiabetesFreestyle libre
0%
SteroidTriamcinolone|Nasacort
0%

Score Distribution

Percentile by Number Answered

Percent of People with Each Score

Your Score History

You have not taken this quiz